Military Lessons of the Gulf War (Record no. 296633)

000 -LEADER
fixed length control field 00258 a2200109 4500
001 - CONTROL NUMBER
control field 61560
082 ## - DEWEY DECIMAL CLASSIFICATION NUMBER
Classification number 327.94067 PAF
090 ## - LOCALLY ASSIGNED LC-TYPE CALL NUMBER (OCLC); LOCAL CALL NUMBER (RLIN)
-- 37093
-- 37093
100 ## - MAIN ENTRY--PERSONAL NAME
Personal name Bruce W.Watson
245 ## - TITLE STATEMENT
Title Military Lessons of the Gulf War
Medium English
260 ## - PUBLICATION, DISTRIBUTION, ETC.
Name of publisher, distributor, etc. Izharsons
942 ## - ADDED ENTRY ELEMENTS (KOHA)
Institution code [OBSOLETE] CAE NUST
Call number prefix 327.94067 PAF
Holdings
Withdrawn status Lost status Damaged status Not for loan Collection code Permanent Location Current Location Date acquired Total Checkouts Full call number Barcode Date last seen Price effective from Koha item type
          College of Aeronautical Engineering (CAE) College of Aeronautical Engineering (CAE) 04/03/2017   327.94067 PAF CAEG-6108 04/05/2017 04/05/2017 Book
© 2023 Central Library, National University of Sciences and Technology. All Rights Reserved.